[Event "ESP-ch Universities"]
[Site "Badajoz"]
[Date "2013.04.19"]
[Round "9"]
[White "Beltran Garcia, Ruben"]
[Black "Vazquez Torres, Adrian"]
[Result "1-0"]
[WhiteElo "2137"]
[BlackElo "2205"]
[PlyCount "56"]
[EventDate "2013.04.17"]
[EventType "swiss"]
[EventRounds "9"]
[EventCountry "ESP"]
[SourceTitle "CBM 154 Extra"]
[Source "ChessBase"]
[SourceDate "2013.06.25"]
[SourceVersion "2"]
[SourceVersionDate "2013.06.25"]
[SourceQuality "1"]

1. d4 Nf6 2. c4 g6 3. Nc3 Bg7 4. e4 d6 5. Nge2 0-0 6. f3 c5 7. d5 a6 8. a4 Nbd7 9. Ng3 h5 10. Bd3 Ne5 11. f4 Nxd3+ 12. Qxd3 e6 13. 0-0 exd5 14. cxd5 Ng4 15. Nge2 c4 16. Qf3 f5 17. h3 fxe4 18. Nxe4 Ne5 19. Qc3 Bf5 20. N2g3 Nd3 21. Qxc4 Nxc1 22. Raxc1 Bxb2 23. Rb1 Rc8 24. Qb4 Bg7 25. Nxf5 gxf5 26. Ng5 Rc5 27. Qxb7 Qa5 28. Ne6 Rf7 1-0

[Event "ESP-ch Universities"]
[Site "Badajoz"]
[Date "2013.04.17"]
[Round "3"]
[White "Beltran Garcia, Ruben"]
[Black "Jimenez Martinez, Jose Vicente"]
[Result "1/2-1/2"]
[WhiteElo "2137"]
[BlackElo "2244"]
[PlyCount "159"]
[EventDate "2013.04.17"]
[EventType "swiss"]
[EventRounds "9"]
[EventCountry "ESP"]
[SourceTitle "CBM 154 Extra"]
[Source "ChessBase"]
[SourceDate "2013.06.25"]
[SourceVersion "2"]
[SourceVersionDate "2013.06.25"]
[SourceQuality "1"]

1. b4 d6 2. Bb2 Nd7 3. e3 Ngf6 4. Nf3 g6 5. Be2 Bg7 6. 0-0 0-0 7. c4 c6 8. d4 Ne4 9. Nbd2 Ndf6 10. Nxe4 Nxe4 11. Nd2 Nxd2 12. Qxd2 Bf5 13. Rfd1 d5 14. b5 cxb5 15. cxb5 Qd7 16. Rdc1 h5 17. Qa5 Rfc8 18. Bf1 b6 19. Qd2 h4 20. a4 h3 21. g3 Be4 22. f4 Rxc1 23. Rxc1 Rc8 24. Qe2 Bf5 25. Qd1 Qe6 26. Kf2 Rxc1 27. Bxc1 Bg4 28. Qc2 Bf8 29. Bd3 Qd6 30. Bd2 Kg7 31. Qb3 e6 32. a5 Qc7 33. axb6 axb6 34. Qc2 Qa7 35. Qb2 Qa4 36. Qc2 Qa1 37. Be1 Be7 38. Qb1 Qa3 39. Qc2 Bf6 40. Qc3 Qa2+ 41. Qc2 Qa1 42. Qc3 Qd1 43. Qd2 Qf3+ 44. Kg1 Be7 45. Qf2 Qd1 46. Qd2 Qa1 47. Qc3 Qa2 48. Qc2 Qa3 49. Qc3 Qa4 50. Kf2 Qd1 51. Qd2 Qf3+ 52. Kg1 Bf6 53. Qf2 Qd1 54. Qd2 Qa1 55. Qc3 Qa4 56. Qc2 Qa1 57. Qc3 Qa2 58. Qc2 Qa1 59. Qc3 Qd1 60. Qd2 Qa4 61. Qb4 Qa1 62. Qc3 Qa4 63. Qb4 Qa2 64. Qd2 Qa7 65. Kf2 Be7 66. Qc3 Bd6 67. Qb2 Qa4 68. Qc2 Qa3 69. Bd2 Bb4 70. Bxb4 Qxb4 71. Be2 Bf5 72. Bd3 Bxd3 73. Qxd3 Qb2+ 74. Qe2 Qc1 75. g4 f5 76. g5 Qh1 77. Kg3 Qg1+ 78. Kxh3 Kh7 79. Kh4 Kg7 80. Kh3 1/2-1/2

[Event "Benidorm op U2000 07th"]
[Site "Benidorm"]
[Date "2008.12.02"]
[Round "4"]
[White "Santos Izquierdo, Carlos"]
[Black "Beltran Garcia, Ruben"]
[Result "0-1"]
[WhiteElo "1709"]
[BlackElo "1984"]
[PlyCount "82"]
[EventDate "2008.11.29"]
[EventType "swiss"]
[EventRounds "9"]
[EventCountry "ESP"]
[SourceTitle "CBM 127 Extra"]
[Source "ChessBase"]
[SourceDate "2009.01.08"]
[SourceVersion "2"]
[SourceVersionDate "2009.01.28"]
[SourceQuality "1"]

1. c4 e5 2. g3 Nc6 3. Bg2 Nf6 4. Nc3 Bc5 5. d3 h6 6. Nf3 d6 7. a3 a6 8. b4 Ba7 9. Rb1 0-0 10. 0-0 Bg4 11. h3 Be6 12. e4 Qd7 13. Kh2 Ne7 14. Nd5 Ne8 15. Qe2 Ng6 16. Be3 Qd8 17. Bxa7 Rxa7 18. Qe3 Ra8 19. d4 c6 20. Nc3 Bxc4 21. Rfd1 Qc7 22. Nd2 Be6 23. d5 cxd5 24. Nxd5 Bxd5 25. exd5 Rc8 26. Rbc1 Qxc1 27. Rxc1 Rxc1 28. Nb3 Rc7 29. Na5 f5 30. Qb6 Rff7 31. a4 f4 32. Be4 Ne7 33. Nb3 Nc8 34. Qa5 fxg3+ 35. fxg3 Rf2+ 36. Kg1 Rb2 37. Nc5 b6 38. Qxa6 dxc5 39. Bf5 cxb4 40. Be6+ Kh8 41. Qf1 Nf6 0-1